| 000 | 00761nam a2200229 i 4500 | ||
|---|---|---|---|
| 001 | 140082 | ||
| 003 | ES-MaACL | ||
| 005 | 20230906200011.0 | ||
| 007 | t| | ||
| 008 | 070214s1954 sp r ||||1| spa d | ||
| 100 | 1 |
_aSchrodinger, Erwin. _9187630 |
|
| 245 | 1 | 0 |
_aCiencia y humanismo / _cErwin Schrödinger ; versión de Ignacio Bolívar. |
| 250 | _a1ª. ed. | ||
| 260 |
_aMadrid : _bAlhambra, _c1954. |
||
| 300 |
_a69 p. : _bil. ; _c19 cm. |
||
| 490 | 1 |
_aColección enciclopédica Alhambra. Sección VI ; _v5 |
|
| 650 |
_aCiencia- _xFilosofía. _910950 |
||
| 700 | 1 |
_aBolívar Izquierdo, Ignacio. _9165377 |
|
| 830 | 0 |
_aColección enciclopédica Alhambra. Sección VI ; _v5 _9220293 |
|
| 852 |
_aES-MaACL _j1959-F-11 _bR.36167 |
||
| 999 |
_c140082 _d140082 |
||